|
|
|
|
| LEADER |
04431nam a22003973i 4500 |
| 001 |
EBC30686106 |
| 003 |
MiAaPQ |
| 005 |
20231204023231.0 |
| 006 |
m o d | |
| 007 |
cr cnu|||||||| |
| 008 |
231204s2022 xx o ||||0 spa d |
| 020 |
|
|
|a 9783631876176
|q (electronic bk.)
|
| 020 |
|
|
|z 9783631876893
|
| 035 |
|
|
|a (MiAaPQ)EBC30686106
|
| 035 |
|
|
|a (Au-PeEL)EBL30686106
|
| 035 |
|
|
|a (OCoLC)1397575256
|
| 040 |
|
|
|a MiAaPQ
|b eng
|e rda
|e pn
|c MiAaPQ
|d MiAaPQ
|
| 100 |
1 |
|
|a Checa Puerta, Julio E.
|
| 245 |
1 |
0 |
|a Diversidad Funcional en Clave de Género :
|b Imágenes y Prácticas en Las Artes Escénicas, el Cine y la Literatura.
|
| 250 |
|
|
|a 1st ed.
|
| 264 |
|
1 |
|a Frankfurt a.M. :
|b Peter Lang GmbH, Internationaler Verlag der Wissenschaften,
|c 2022.
|
| 264 |
|
4 |
|c {copy}2022.
|
| 300 |
|
|
|a 1 online resource (272 pages)
|
| 336 |
|
|
|a text
|b txt
|2 rdacontent
|
| 337 |
|
|
|a computer
|b c
|2 rdamedia
|
| 338 |
|
|
|a online resource
|b cr
|2 rdacarrier
|
| 505 |
0 |
|
|a Cover -- Series Information -- Copyright Information -- Table of Contents -- Diversidad funcional y género a escena: encrucijadas teórico-prácticas (Julio Enrique Checa Puerta, Alba Gómez García) -- 1 Escena de intersecciones: teatro y danza -- "Bailar el embarazo": cuerpo y capacidad en el espectáculo Grito pelao (2018) de Rocío Molina (David Navarro Juan) -- Danza y diversidad funcional en el Hexágono: procesos de creación y enseñanza desde una perspectiva de género (David Conte Imbert) -- La creación escénica de María de los Ángeles Narváez, la Niña de los Cupones (Julio Enrique Checa Puerta) -- Julieta Capuleto es diversa y plural. Redefining Juliet y El amor no dura para siempre (Romeos y Julietas) (Alba Gómez García) -- "Siempre hay que encontrar lo que hay debajo de las palabras". Entrevista con Andrés Lima sobre El amor no dura para siempre (Alba Gómez García) -- "Pioneras", fraseos en la distopía del tiempo, del mito del cuerpo al cuerpo mitificado: la irrupción de la danza diversa en la vinculación del cuerpo y el género (David Ojeda Abolafia) -- "Ich trage mein Kleid und trage mein Loch": cuestiones de género en el Teatro Thikwa (Soledad Pereyra) -- 2 Representaciones y autorías en el cine de ficción -- ¿Mujer o discapacitada? Diversidad funcional cognitiva en tres películas actuales (Be my baby -- Yo, también -- Dora o las neurosis sexuales de nuestros padres) (Susanne Hartwig) -- "Miradas femeninas incapaces". Hacia un cuestionamiento de los valores de consistencia, orden y completitud en la creación audiovisual (Elena Escudero Romero) -- 3 Literatura encarnada: novela, cuento y poesía -- Lectura fácil y Catalina: Analogías radicales entre sexualidad femenina y discapacidad (Javier Luis Velloso Álvarez) -- La transgresión ambivalente: Corporalidad, sexualidad y violencia en Patricia de Souza (Berit Callsen).
|
| 505 |
8 |
|
|a Smouldering Village Beliefs: Gender, Disability, and The Persistence of Metaphor in Critical Interpretation and Adaptation of "The Withered Arm" (Thomas Hardy, 1888) (Ryan Prout) -- "Voy a dormir nodriza mía, acuéstame. Ponme una lámpara en la cabecera -- una constelación": el verbo poético de Alfonsina Storni o cómo decir la diversidad funcional (Alejandra M. Aventín Fontana) -- Sobre los autores -- Obras publicadas en la colección.
|
| 520 |
|
|
|a Todavía resulta necesario avanzar en un esfuerzo teórico-práctico que alcance un equilibrio en la confluencia entre discapacidad y género y que se hace obligado incorporar prácticas, metodologías y herramientas propias de las humanidades para analizar las aportaciones estéticas y los lenguajes expresivos de creadores e intérpretes con discapacidad.
|
| 588 |
|
|
|a Description based on publisher supplied metadata and other sources.
|
| 590 |
|
|
|a Electronic reproduction. Ann Arbor, Michigan : ProQuest Ebook Central, 2023. Available via World Wide Web. Access may be limited to ProQuest Ebook Central affiliated libraries.
|
| 655 |
|
4 |
|a Electronic books.
|
| 700 |
1 |
|
|a Gómez García, Alba.
|
| 776 |
0 |
8 |
|i Print version:
|a Checa Puerta, Julio E.
|t Diversidad Funcional en Clave de Género
|d Frankfurt a.M. : Peter Lang GmbH, Internationaler Verlag der Wissenschaften,c2022
|z 9783631876893
|
| 797 |
2 |
|
|a ProQuest (Firm)
|
| 856 |
4 |
0 |
|u https://ebookcentral.proquest.com/lib/matrademy/detail.action?docID=30686106
|z Click to View
|